| 000 | 08115nas1a22008531i 4500 | ||
|---|---|---|---|
| 001 | RU\NLR\INFOCOMM31\5000082655 | ||
| 005 | 20240723110848.0 | ||
| 035 | _a(NLR Aleph) 002393553 | ||
| 090 |
_a4637852 _c4637852 |
||
| 100 | _a20050114b19651968|||y0rusy50 ca | ||
| 101 | 0 | _arus | |
| 102 | _aRU | ||
| 110 | _aayuzz 0|y| | ||
| 200 | 1 |
_aУгольное и горнорудное машиностроение _h[Тема]8 _fМ-во тяжелого, энергет. и трансп. машиностроения. Науч.-исслед. ин-т информации по тяжелому, энергет. и трансп. машиностроению. НИИИНФОРМТЯЖМАШ |
|
| 210 |
_aМ. _d1965-1968 |
||
| 300 | _aДо 1965 г. изд. выходило без деления на темы (ш. П11/2481) | ||
| 311 | _aС 1968 г. тема 8 выходит под загл.: Альбомы по обмену производственным опытом совершенствования технологических процессов (ш.: П10/3541) | ||
| 440 | 0 |
_12001#$aАльбомы по обмену производственным опытом совершенствования технологических процессов _1852##$aNLR$jП10/3541 _tАльбомы по обмену производственным опытом совершенствования технологических процессов |
|
| 712 | 0 | 2 |
_aНаучно-исследовательский институт информации по тяжелому, энергетическому и транспортному машиностроению _cМосква _4570 |
| 801 | 1 |
_aRU _bInfoComm _c20050114 |
|
| 801 | 0 |
_aRU _bNLR _gPSBO |
|
| 852 |
_aNLR _jП10/3459 |
||
| 852 |
_aNLR _j65-6/2741 |
||
| 852 |
_aNLR _j65-6/11205 |
||
| 852 |
_aNLR _j65-6/8543 |
||
| 852 |
_aNLR _j65-6/10045 |
||
| 852 |
_aNLR _j65-6/9816 |
||
| 852 |
_aNLR _j65-6/10735 |
||
| 852 |
_aNLR _j66-6/1373 |
||
| 852 |
_aNLR _j66-6/1371 |
||
| 852 |
_aNLR _j66-6/4001 |
||
| 852 |
_aNLR _j66-6/6909 |
||
| 852 |
_aNLR _j66-6/8224 |
||
| 852 |
_aNLR _j66-6/6405 |
||
| 852 |
_aNLR _j66-6/8710 |
||
| 852 |
_aNLR _j66-6/8453 |
||
| 852 |
_aNLR _j66-5/4929 |
||
| 852 |
_aNLR _j67-6/1749 |
||
| 852 |
_aNLR _j67-6/7666 |
||
| 852 |
_aNLR _j67-6/2705 |
||
| 942 | _cJOURNAL | ||
| 980 | _aRUSPER | ||